Miasta w Argentynie - Nagła Śmierć - Statystyki

Ogólne statystyki
  • Ten quiz został rozwiązany 29 razy
    5 od ostatniego zresetowania
  • Średni wynik to 4 z 24
Answers on the Grid
Answers color-coded by a green-red scale on the quiz's grid according to % correct below.
Salto
Monterrey
El Calafate
Resistencia
Corrientes
Mar Del Plata
Córdoba
Viña del Mar
Cochabamba
Arequipa
Neuquén
La Rioja
La Plata
Tarija
São Paulo
Uruguyana
Río Gallegos
Ushuaia
Buenos Aires
Mendoza
Rosario
Porto Alegre
Comodoro Rivadavia
Bariloche
Quito
Puerto Madryn
Bahía Blanca
Punta Arenas
Asunción
Montevideo
Antofagasta
Posadas
Santa Fe
Salta
Gualeguaychú
Santo Domingo
La Paz
Cartagena
San Juan
Formosa
Maracaibo
Paysandú
Lima
Barranquilla
Guayaquil
Iquique
Paraná
Guadalajara
 
Statystyki odpowiedzi
Odpowiedź % Poprawnych
Buenos Aires
75%
La Plata
75%
Formosa
50%
La Rioja
50%
Mar Del Plata
25%
Mendoza
25%
Paraná
25%
Posadas
25%
Rosario
25%
San Juan
25%
Santa Fe
25%
Bahía Blanca
0%
Bariloche
0%
Comodoro Rivadavia
0%
Córdoba
0%
Corrientes
0%
El Calafate
0%
Gualeguaychú
0%
Neuquén
0%
Puerto Madryn
0%
Resistencia
0%
Río Gallegos
0%
Salta
0%
Ushuaia
0%
Nie znaleziono quizów pasujących do podanych kryteriów
Rozkład punktacji
Procent ludzi z każdym wynikiem
Percentyl według liczby udzielonych odpowiedzi
Twoja historia wyników
Nie rozwiązałeś tego quizu od ostatniego zresetowania